<?xml version="1.0" encoding="UTF-8"?>
<record
    xmlns:xsi="http://www.w3.org/2001/XMLSchema-instance"
    xsi:schemaLocation="http://www.loc.gov/MARC21/slim http://www.loc.gov/standards/marcxml/schema/MARC21slim.xsd"
    xmlns="http://www.loc.gov/MARC21/slim">

  <leader>00754nam a22001817a 4500</leader>
  <datafield tag="999" ind1=" " ind2=" ">
    <subfield code="c">62814</subfield>
    <subfield code="d">62814</subfield>
  </datafield>
  <controlfield tag="003">Ge_BSU</controlfield>
  <controlfield tag="005">20250304121314.0</controlfield>
  <controlfield tag="008">250304s1938    ge ||||| |||| 00| 0 geo d</controlfield>
  <datafield tag="041" ind1=" " ind2=" ">
    <subfield code="a">geo</subfield>
  </datafield>
  <datafield tag="080" ind1=" " ind2=" ">
    <subfield code="a">616.9(075.32) &#x10DE;-62</subfield>
  </datafield>
  <datafield tag="100" ind1=" " ind2=" ">
    <subfield code="a">&#x10DE;&#x10DD;&#x10DE;&#x10DD;&#x10D5;&#x10D8;, &#x10DC;.&#x10D5;.</subfield>
    <subfield code="9">24433</subfield>
  </datafield>
  <datafield tag="245" ind1=" " ind2=" ">
    <subfield code="a">&#x10D8;&#x10DC;&#x10E4;&#x10D4;&#x10E5;&#x10EA;&#x10D8;&#x10E3;&#x10E0; &#x10E1;&#x10DC;&#x10D4;&#x10E3;&#x10DA;&#x10D4;&#x10D1;&#x10D0;&#x10D7;&#x10D0; &#x10E1;&#x10D0;&#x10EE;&#x10D4;&#x10DA;&#x10DB;&#x10EB;&#x10E6;&#x10D5;&#x10D0;&#x10DC;&#x10D4;&#x10DA;&#x10DD; /</subfield>
    <subfield code="c">&#x10DC;.&#x10D5;. &#x10DE;&#x10DD;&#x10DE;&#x10DD;&#x10D5;&#x10D8;.</subfield>
  </datafield>
  <datafield tag="264" ind1=" " ind2=" ">
    <subfield code="a">&#x10D7;&#x10D1;&#x10D8;&#x10DA;&#x10D8;&#x10E1;&#x10D8; :</subfield>
    <subfield code="c">1938.</subfield>
    <subfield code="b">&#x10E1;&#x10D0;&#x10E5;&#x10D1;&#x10D8;&#x10DD;&#x10DB;&#x10D4;&#x10D3;&#x10D2;&#x10D0;&#x10DB;&#x10D8;,</subfield>
  </datafield>
  <datafield tag="300" ind1=" " ind2=" ">
    <subfield code="a">216 &#x10D2;&#x10D5;. : </subfield>
    <subfield code="b">&#x10E1;&#x10E3;&#x10E0;. ; </subfield>
    <subfield code="c">22 &#x10E1;&#x10DB;.</subfield>
  </datafield>
  <datafield tag="653" ind1=" " ind2=" ">
    <subfield code="a">&#x10D8;&#x10DC;&#x10E4;&#x10D4;&#x10E5;&#x10EA;&#x10D8;&#x10E3;&#x10E0; &#x10E1;&#x10DC;&#x10D4;&#x10E3;&#x10DA;&#x10D4;&#x10D1;&#x10D0;&#x10D7;&#x10D0; &#x10E1;&#x10D0;&#x10EE;&#x10D4;&#x10DA;&#x10DB;&#x10EB;&#x10E6;&#x10D5;&#x10D0;&#x10DC;&#x10D4;&#x10DA;&#x10DD;&#x10D4;&#x10D1;&#x10D8;</subfield>
  </datafield>
  <datafield tag="653" ind1=" " ind2=" ">
    <subfield code="a">&#x10DB;&#x10D4;&#x10D3;&#x10D8;&#x10EA;&#x10D8;&#x10DC;&#x10D0;</subfield>
  </datafield>
  <datafield tag="942" ind1=" " ind2=" ">
    <subfield code="2">udc</subfield>
    <subfield code="c">BK</subfield>
  </datafield>
  <datafield tag="952" ind1=" " ind2=" ">
    <subfield code="0">0</subfield>
    <subfield code="1">0</subfield>
    <subfield code="2">udc</subfield>
    <subfield code="4">0</subfield>
    <subfield code="6">616907532_&#x10DE;62</subfield>
    <subfield code="7">0</subfield>
    <subfield code="9">102173</subfield>
    <subfield code="a">CPL</subfield>
    <subfield code="b">CPL</subfield>
    <subfield code="c">GEN</subfield>
    <subfield code="d">2025-03-04</subfield>
    <subfield code="g">1.70</subfield>
    <subfield code="o">616.9(075.32) &#x10DE;-62</subfield>
    <subfield code="p">70703</subfield>
    <subfield code="r">2025-03-04</subfield>
    <subfield code="t">70703</subfield>
    <subfield code="w">2025-03-04</subfield>
    <subfield code="y">BK</subfield>
    <subfield code="z">1 &#x10DA;. 70 &#x10D7;.</subfield>
  </datafield>
  <datafield tag="952" ind1=" " ind2=" ">
    <subfield code="0">0</subfield>
    <subfield code="1">0</subfield>
    <subfield code="2">udc</subfield>
    <subfield code="4">0</subfield>
    <subfield code="6">616907532_&#x10DE;62</subfield>
    <subfield code="7">0</subfield>
    <subfield code="9">102174</subfield>
    <subfield code="a">CPL</subfield>
    <subfield code="b">CPL</subfield>
    <subfield code="c">GEN</subfield>
    <subfield code="d">2025-03-04</subfield>
    <subfield code="g">1.70</subfield>
    <subfield code="o">616.9(075.32) &#x10DE;-62</subfield>
    <subfield code="p">70699</subfield>
    <subfield code="r">2025-03-04</subfield>
    <subfield code="t">70699</subfield>
    <subfield code="w">2025-03-04</subfield>
    <subfield code="y">BK</subfield>
    <subfield code="z">1 &#x10DA;. 70 &#x10D7;.</subfield>
  </datafield>
</record>
